[Event "Belgrade Spring op"]
[Site "Belgrade"]
[Date "2021.04.08"]
[Round "8"]
[White "Lazic, Ljubisa V"]
[Black "Kaasen, Tor Fredrik"]
[Result "0-1"]
[WhiteElo "2175"]
[BlackElo "2397"]
[PlyCount "73"]
[EventDate "2021.04.02"]
[EventType "swiss"]
[EventRounds "9"]
[EventCountry "SRB"]
[SourceTitle "CBM 202 Extra"]
[Source "ChessBase"]
[SourceDate "2021.07.31"]
[SourceVersion "1"]
[SourceVersionDate "2021.07.31"]
[SourceQuality "1"]

1. d4 Nf6 2. Nf3 g6 3. Bf4 Bg7 4. e3 0-0 5. h3 d6 6. Bc4 b6 7. 0-0 Bb7 8. Nbd2 Nbd7 9. c3 Qe8 10. Qe2 a6 11. Bg5 e5 12. Bxf6 Nxf6 13. dxe5 dxe5 14. a4 Qe7 15. Rfd1 Kh8 16. Nf1 e4 17. Ne1 Ne8 18. Nc2 a5 19. Qe1 Nd6 20. Be2 f5 21. Nd4 Be5 22. Nb5 g5 23. Nxd6 Bxd6 24. Bc4 Rad8 25. Qe2 f4 26. Bd5 c6 27. Bc4 f3 28. Qc2 fxg2 29. Kxg2 g4 30. hxg4 Bc8 31. Ng3 Bxg4 32. Be2 Rxf2+ 33. Kxf2 Qh4 34. Rxd6 Qh2+ 35. Kf1 Bh3+ 36. Ke1 Qxg3+ 37. Kd2 0-1

[Event "Belgrade-chT"]
[Site "Belgrade"]
[Date "2020.10.11"]
[Round "7.4"]
[White "Jakovljevic, Zoran D"]
[Black "Lazic, Ljubisa V"]
[Result "0-1"]
[WhiteElo "2084"]
[BlackElo "2176"]
[PlyCount "115"]
[EventDate "2020.10.04"]
[EventType "team-tourn"]
[EventRounds "9"]
[EventCountry "SRB"]
[SourceTitle "EXT 2022"]
[Source "ChessBase"]
[SourceDate "2021.10.06"]
[SourceVersion "1"]
[SourceVersionDate "2021.10.06"]
[SourceQuality "1"]
[WhiteTeam "Mirjevo"]
[BlackTeam "Belgrade Radnicki"]
[WhiteTeamCountry "SRB"]
[BlackTeamCountry "SRB"]

1. g3 d5 2. Bg2 c6 3. d3 Bf5 4. Nf3 h6 5. 0-0 e6 6. Nc3 Nf6 7. h3 Bc5 8. a3 a5 9. g4 Bh7 10. g5 hxg5 11. Bxg5 Be7 12. Ne5 Nbd7 13. f4 Bf5 14. Nxd7 Qxd7 15. Rf3 Qc7 16. Bxf6 Bxf6 17. e4 Qb6+ 18. Kh2 Bg4 19. Qe1 Bxf3 20. Bxf3 Qxb2 21. e5 Qxc2+ 22. Ne2 Bh4 23. Qg1 Qxd3 24. Bg4 g6 25. Qb6 Qb5 26. Qe3 Be7 27. a4 Qb4 28. Qd3 Qc4 29. Qd1 Bb4 30. Qg1 Qc5 31. Qg3 Qe7 32. Qd3 Qh4 33. Rg1 0-0-0 34. Qf3 Bc5 35. Rg2 Qe1 36. Qb3 Qb4 37. Qd1 Be3 38. Kg3 d4 39. Qd3 c5 40. Bf3 Qe1+ 41. Kh2 Rxh3+ 42. Kxh3 Rh8+ 43. Bh5 Rxh5+ 44. Kg4 Qh4+ 45. Kf3 Qh1 46. Ng3 Qh3 47. Qc4 d3 48. Kxe3 Qxg2 49. Qxc5+ Qc6 50. Qf8+ Kc7 51. Nxh5 gxh5 52. Qxf7+ Qd7 53. Qxh5 Qxa4 54. Kxd3 Qxf4 55. Qh7+ Kb6 56. Qh8 Qf3+ 57. Kc4 Kc6 58. Qg7 0-1

[Event "Belgrade-chT"]
[Site "Belgrade"]
[Date "2020.10.08"]
[Round "5.4"]
[White "Tosic, Srecko"]
[Black "Lazic, Ljubisa V"]
[Result "1-0"]
[WhiteElo "2310"]
[BlackElo "2176"]
[PlyCount "77"]
[EventDate "2020.10.04"]
[EventType "team-tourn"]
[EventRounds "9"]
[EventCountry "SRB"]
[SourceTitle "EXT 2022"]
[Source "ChessBase"]
[SourceDate "2021.10.06"]
[SourceVersion "1"]
[SourceVersionDate "2021.10.06"]
[SourceQuality "1"]
[WhiteTeam "Bogoslov"]
[BlackTeam "Belgrade Radnicki"]
[WhiteTeamCountry "SRB"]
[BlackTeamCountry "SRB"]

1. d4 c6 2. e4 d6 3. Nc3 Nf6 4. a4 a5 5. h3 e5 6. Nf3 Qc7 7. Bc4 Be7 8. 0-0 h6 9. dxe5 dxe5 10. Nh4 Nbd7 11. Qf3 Nc5 12. Nf5 Bxf5 13. exf5 e4 14. Qe2 0-0 15. g4 Rfe8 16. Be3 b6 17. Rae1 Bf8 18. h4 Rad8 19. g5 Nd5 20. Qh5 Qe5 21. Qg4 hxg5 22. hxg5 Bd6 23. Qh3 Nxe3 24. fxe3 Qg3+ 25. Qxg3 Bxg3 26. g6 Kf8 27. gxf7 Re7 28. Re2 Be5 29. Rg2 Bxc3 30. bxc3 Rxf7 31. Bxf7 Kxf7 32. Rg6 Nxa4 33. Rxc6 Rd5 34. Kg2 Rc5 35. Rxc5 bxc5 36. Ra1 Nxc3 37. Rxa5 Nd1 38. Rxc5 Nxe3+ 39. Kg3 1-0

[Event "Belgrade ChessAmateur op 5th"]
[Site "Belgrade"]
[Date "2019.01.05"]
[Round "3"]
[White "Lazic, Ljubisa V"]
[Black "Selbes, Tarik"]
[Result "0-1"]
[WhiteElo "2155"]
[BlackElo "2320"]
[PlyCount "74"]
[EventDate "2019.01.04"]
[EventType "swiss"]
[EventRounds "9"]
[EventCountry "SRB"]
[SourceTitle "CBM 188 Extra"]
[Source "ChessBase"]
[SourceDate "2019.02.28"]
[SourceVersion "1"]
[SourceVersionDate "2019.02.28"]
[SourceQuality "1"]

1. d4 Nf6 2. Nf3 g6 3. Bf4 Bg7 4. e3 0-0 5. h3 d6 6. Bc4 c5 7. c3 Nc6 8. Nbd2 cxd4 9. cxd4 e5 10. dxe5 dxe5 11. Nxe5 Nd5 12. Nxc6 bxc6 13. 0-0 Nxf4 14. exf4 Qd4 15. Qe2 Bf5 16. Nb3 Qxf4 17. Bd3 Rfe8 18. Qc2 Bxd3 19. Qxd3 Bxb2 20. Rae1 Rad8 21. Rxe8+ Rxe8 22. Nd2 Bd4 23. Nf3 Bb6 24. Qc2 Re6 25. Re1 Rxe1+ 26. Nxe1 c5 27. g3 Qe5 28. Nf3 Qd5 29. Qe2 c4 30. Kf1 c3 31. Qe8+ Kg7 32. Qe5+ Qxe5 33. Nxe5 Kf6 34. Nd3 Ke6 35. Ke2 Kd5 36. Kd1 Ke4 37. Kc2 Bd4 0-1

[Event "Belgrade-chTB Quality"]
[Site "Belgrade"]
[Date "2018.10.13"]
[Round "5.2"]
[White "Kostic, Milutin B"]
[Black "Lazic, Ljubisa V"]
[Result "1/2-1/2"]
[WhiteElo "2233"]
[BlackElo "2155"]
[PlyCount "64"]
[EventDate "2018.09.29"]
[EventType "team-tourn"]
[EventRounds "11"]
[EventCountry "SRB"]
[SourceTitle "CBM 187 Extra"]
[Source "ChessBase"]
[SourceDate "2018.11.04"]
[SourceVersion "1"]
[SourceVersionDate "2018.11.04"]
[SourceQuality "1"]
[WhiteTeam "Belgrade Romanticari"]
[BlackTeam "Belgrade EDB"]
[WhiteTeamCountry "SRB"]
[BlackTeamCountry "SRB"]

1. Nf3 d5 2. d4 c6 3. c4 Bf5 4. Qb3 Qb6 5. cxd5 Qxb3 6. axb3 cxd5 7. Nc3 e6 8. Nb5 Na6 9. Rxa6 bxa6 10. Nc7+ Kd8 11. Nxa8 Bb4+ 12. Bd2 Bxd2+ 13. Nxd2 Kc8 14. e3 Kb7 15. Nc7 Kxc7 16. g4 Bg6 17. h4 h6 18. Be2 Ne7 19. Bd1 Nc6 20. Nf3 Be4 21. Rg1 Bxf3 22. Bxf3 Nb4 23. Kd2 Rc8 24. Bd1 Rh8 25. h5 f6 26. f4 Rf8 27. Ke2 Rf7 28. g5 hxg5 29. fxg5 fxg5 30. Rxg5 Kd7 31. Rg6 Kd6 32. Rg1 Rc7 1/2-1/2

[Event "Belgrade-chT"]
[Site "Belgrade"]
[Date "2017.10.01"]
[Round "1.2"]
[White "Lazic, Ljubisa V"]
[Black "Budisavljevic, Luka"]
[Result "1/2-1/2"]
[WhiteElo "2201"]
[BlackElo "2097"]
[PlyCount "99"]
[EventDate "2017.10.01"]
[EventType "team-tourn"]
[EventRounds "11"]
[EventCountry "SRB"]
[SourceTitle "CBM 181 Extra"]
[Source "ChessBase"]
[SourceDate "2017.12.12"]
[SourceVersion "1"]
[SourceVersionDate "2017.12.12"]
[SourceQuality "1"]
[WhiteTeam "Belgrade EDB"]
[BlackTeam "Bogoslov"]
[WhiteTeamCountry "SRB"]
[BlackTeamCountry "SRB"]

1. d4 e6 2. Nf3 c5 3. c3 Nf6 4. Bg5 h6 5. Bf4 Nc6 6. e3 Nh5 7. Bg3 Nxg3 8. hxg3 d5 9. Nbd2 Bd6 10. Bd3 e5 11. dxe5 Nxe5 12. Nxe5 Bxe5 13. Nf3 Bf6 14. Qa4+ Bd7 15. Bb5 a6 16. Bxd7+ Qxd7 17. Qxd7+ Kxd7 18. 0-0-0 Kc6 19. Kc2 Rhe8 20. Rhe1 Rac8 21. b3 b5 22. Nd2 Re6 23. e4 dxe4 24. Rxe4 Rd6 25. Ree1 Rcd8 26. Ne4 Rxd1 27. Rxd1 Rxd1 28. Kxd1 Be5 29. Kc2 Kd5 30. Nd2 c4 31. bxc4+ bxc4 32. Nf1 g6 33. Ne3+ Kc5 34. Nf1 h5 35. Nd2 Kd5 36. Nf1 Bf6 37. Ne3+ Kc5 38. Nf1 h4 39. gxh4 Bxh4 40. g3 Bg5 41. Nh2 f5 42. Nf3 Bf6 43. Nd2 Kd5 44. Nf1 Bg7 45. f3 Bh6 46. Kd1 Kc5 47. Kc2 Bf8 48. Ne3 Bd6 49. g4 fxg4 50. Nxg4 1/2-1/2

[Event "Paracin Summer op-A 10th"]
[Site "Paracin"]
[Date "2017.07.11"]
[Round "5.26"]
[White "Lazic, Ljubisa V"]
[Black "Dimitrov, Vladimir"]
[Result "1/2-1/2"]
[WhiteElo "2217"]
[BlackElo "2359"]
[PlyCount "42"]
[EventDate "2017.07.07"]
[EventType "swiss"]
[EventRounds "9"]
[EventCountry "SRB"]
[SourceTitle "EXT 2018"]
[Source "ChessBase"]
[SourceDate "2017.10.13"]
[SourceVersion "1"]
[SourceVersionDate "2017.10.13"]
[SourceQuality "1"]

1. d4 Nf6 2. Nf3 e6 3. Bf4 c5 4. c3 Nc6 5. e3 d5 6. Nbd2 Bd6 7. Bg3 0-0 8. Bd3 b6 9. Ne5 Ne7 10. 0-0 Bb7 11. Qe2 Nf5 12. f4 Ne4 13. Be1 f6 14. Ng4 Be7 15. Nf2 Nfd6 16. Qf3 f5 17. Qe2 a5 18. a4 Qc8 19. Nf3 Ba6 20. Bxa6 Qxa6 21. Qxa6 Rxa6 1/2-1/2

[Event "Paracin Summer op-A 10th"]
[Site "Paracin"]
[Date "2017.07.10"]
[Round "4"]
[White "Dimic, Pavle"]
[Black "Lazic, Ljubisa V"]
[Result "1/2-1/2"]
[WhiteElo "2351"]
[BlackElo "2217"]
[PlyCount "53"]
[EventDate "2017.07.07"]
[EventType "swiss"]
[EventRounds "9"]
[EventCountry "SRB"]
[SourceTitle "EXT 2018"]
[Source "ChessBase"]
[SourceDate "2017.10.13"]
[SourceVersion "1"]
[SourceVersionDate "2017.10.13"]
[SourceQuality "1"]

1. Nf3 d5 2. d4 Nf6 3. c4 c6 4. e3 Bf5 5. Nc3 e6 6. Nh4 Bg6 7. Be2 Nbd7 8. 0-0 Bd6 9. g3 a6 10. Nxg6 hxg6 11. b3 Qe7 12. Qc2 0-0 13. Bf3 Ba3 14. Bd2 Bb4 15. Rfe1 Rac8 16. Bg2 Rfe8 17. f4 Qd6 18. c5 Qb8 19. Nb1 Bxd2 20. Nxd2 a5 21. a3 b6 22. b4 Qb7 23. Reb1 axb4 24. axb4 Ra8 25. Rxa8 Rxa8 26. Nb3 bxc5 27. Nxc5 1/2-1/2

[Event "Belgrade-ch sf"]
[Site "Belgrade"]
[Date "2017.01.27"]
[Round "5"]
[White "Lazic, Ljubisa V"]
[Black "Stankovic, Branislav D"]
[Result "1-0"]
[WhiteElo "2186"]
[BlackElo "2276"]
[PlyCount "120"]
[EventDate "2017.01.23"]
[EventType "swiss"]
[EventRounds "7"]
[EventCountry "SRB"]
[SourceTitle "CBM 176 Extra"]
[Source "ChessBase"]
[SourceDate "2017.03.02"]
[SourceVersion "1"]
[SourceVersionDate "2017.03.02"]
[SourceQuality "1"]

1. d4 d5 2. Nf3 Nf6 3. Bf4 Bf5 4. e3 e6 5. Nbd2 Bd6 6. Ne5 h6 7. Be2 c6 8. 0-0 0-0 9. c4 Bc7 10. c5 Nbd7 11. Ndf3 Nxe5 12. Bxe5 Nd7 13. Bxc7 Qxc7 14. Nh4 Bh7 15. f4 f6 16. Bg4 Rae8 17. Bh5 Re7 18. Bg6 Rd8 19. Qd3 Bxg6 20. Nxg6 Ree8 21. Rf3 Nf8 22. Rg3 Qf7 23. Rf1 Nxg6 24. Rxg6 f5 25. Rg3 Rd7 26. Rgf3 Qe7 27. h3 Kh8 28. b4 a6 29. Kh2 Rg8 30. Rg1 g6 31. Rf2 Qf8 32. a4 Rdg7 33. g3 Qe7 34. Ra2 Ra8 35. Rga1 Rgg8 36. b5 axb5 37. axb5 Rxa2+ 38. Rxa2 Rc8 39. Ra7 Rc7 40. Qb3 Kg7 41. Qa4 Qd7 42. Ra5 Kf7 43. Kg2 Kg7 44. Kf3 Kf7 45. Qb4 Qc8 46. Qb1 Re7 47. Qb4 Rc7 48. Ra7 Qd7 49. Ra8 Rc8 50. Ra7 Rc7 51. Qa5 cxb5 52. Qb6 Kg7 53. Ra5 Qc6 54. Rxb5 Qxb6 55. Rxb6 Kf7 56. Ke2 g5 57. Kd3 Re7 58. Kc3 gxf4 59. exf4 Ke8 60. Rd6 Kf7 1-0

[Event "Belgrade-ch sf"]
[Site "Belgrade"]
[Date "2017.01.23"]
[Round "1"]
[White "Lazic, Ljubisa V"]
[Black "Vecanski, Dragomir"]
[Result "1-0"]
[WhiteElo "2186"]
[BlackElo "1648"]
[PlyCount "109"]
[EventDate "2017.01.23"]
[EventType "swiss"]
[EventRounds "7"]
[EventCountry "SRB"]
[SourceTitle "CBM 176 Extra"]
[Source "ChessBase"]
[SourceDate "2017.03.02"]
[SourceVersion "1"]
[SourceVersionDate "2017.03.02"]
[SourceQuality "1"]

1. d4 d5 2. Nf3 Nf6 3. Bf4 Bf5 4. e3 e6 5. h3 Bd6 6. Bxd6 Qxd6 7. Nbd2 Nc6 8. a3 0-0 9. Be2 a6 10. c4 dxc4 11. Nxc4 Qe7 12. 0-0 Rfd8 13. Rc1 Ne4 14. Qb3 b5 15. Ncd2 Nxd2 16. Nxd2 Na7 17. Rc5 Rac8 18. Rfc1 Rd7 19. Nf3 Be4 20. Qc3 f6 21. Nd2 Bd5 22. Qa5 Bb7 23. Bf3 Bxf3 24. Nxf3 Qd6 25. Nd2 f5 26. g3 h6 27. Nf3 c6 28. Ne5 Rdc7 29. Qxa6 Kh7 30. h4 h5 31. Qa5 Kh6 32. Qd2 Kh7 33. Qe2 g6 34. Qf3 Kg7 35. Qf4 Kh7 36. Nxg6 Qxf4 37. Nxf4 Re7 38. Nxh5 Kg6 39. Nf4+ Kf6 40. Nd3 Rec7 41. Ne5 Ke7 42. Kg2 Kd6 43. f3 Rb8 44. g4 b4 45. a4 b3 46. g5 Rb4 47. R5c4 Rb8 48. h5 Rg8 49. f4 Rh7 50. Rh1 Kd5 51. Kf3 Rgh8 52. h6 Rg8 53. Rc5+ Kd6 54. g6 Rc7 55. h7 1-0

[Event "Belgrade Trophy 30th"]
[Site "Belgrade"]
[Date "2016.11.26"]
[Round "3"]
[White "Djurdjevic, Petar S"]
[Black "Lazic, Ljubisa V"]
[Result "1-0"]
[WhiteElo "1957"]
[BlackElo "2204"]
[PlyCount "73"]
[EventDate "2016.11.24"]
[EventType "swiss"]
[EventRounds "9"]
[EventCountry "SRB"]
[SourceTitle "CBM 175 Extra"]
[Source "ChessBase"]
[SourceDate "2016.12.12"]
[SourceVersion "1"]
[SourceVersionDate "2016.12.12"]
[SourceQuality "1"]

1. d4 Nc6 2. e4 e5 3. Nf3 d6 4. dxe5 Nxe5 5. Nxe5 dxe5 6. Qxd8+ Kxd8 7. Nc3 Be6 8. Bg5+ f6 9. 0-0-0+ Ke8 10. Be3 a6 11. Nd5 Bxd5 12. Rxd5 Ne7 13. Rd2 Rd8 14. Bd3 Nc6 15. c3 h5 16. h4 g6 17. g3 Rh7 18. Rhd1 Rhd7 19. Kc2 Nb8 20. b4 Be7 21. f4 Kf8 22. fxe5 fxe5 23. Bh6+ Kg8 24. Bc4+ Kh7 25. Rxd7 Rxd7 26. Bd2 Nc6 27. Bf1 Nd8 28. a4 Kg7 29. Be3 Bd6 30. a5 Nf7 31. Bc4 Re7 32. Bb3 Rd7 33. Be6 Re7 34. Bd5 Nd8 35. Bg5 Rd7 36. Bxd8 Rxd8 37. Bxb7 1-0

[Event "Belgrade-chT Quality"]
[Site "Belgrade"]
[Date "2016.10.02"]
[Round "2.3"]
[White "Lazic, Ljubisa V"]
[Black "Brankovic, Vladislav"]
[Result "1/2-1/2"]
[WhiteElo "2199"]
[BlackElo "2123"]
[PlyCount "96"]
[EventDate "2016.10.01"]
[EventType "team-tourn"]
[EventRounds "11"]
[EventCountry "SRB"]
[SourceTitle "EXT 2018"]
[Source "ChessBase"]
[SourceDate "2017.10.13"]
[SourceVersion "1"]
[SourceVersionDate "2017.10.13"]
[SourceQuality "1"]

1. d4 d5 2. Nf3 Nf6 3. Bf4 c6 4. c3 g6 5. h3 Bg7 6. Nbd2 Nbd7 7. e3 0-0 8. Be2 Qb6 9. Qb3 Ne8 10. 0-0 f6 11. Bg3 e5 12. c4 Nc7 13. cxd5 cxd5 14. Rac1 Qxb3 15. Nxb3 Ne6 16. Rfd1 e4 17. Nfd2 f5 18. Bd6 Re8 19. Nb1 Bh6 20. g3 Bf8 21. Bxf8 Rxf8 22. Nc3 Nf6 23. Nc5 Nxc5 24. dxc5 Be6 25. Nb5 Ne8 26. Nd4 Bd7 27. h4 Rf6 28. b4 a6 29. Rd2 Nc7 30. Bd1 a5 31. a3 axb4 32. axb4 Rfa6 33. Bb3 Ra1 34. Rxa1 Rxa1+ 35. Kg2 Kf8 36. Ra2 Rxa2 37. Bxa2 Ke7 38. Kf1 Bc6 39. Ke1 Ne6 40. Ne2 Kf6 41. Nf4 Ke5 42. Nxe6 Kxe6 43. Bb3 Ke5 44. Kd2 d4 45. Bc4 d3 46. Kc3 Bd5 47. Bb5 Bc6 48. Bc4 Bd5 1/2-1/2

[Event "SRB-ch sf"]
[Site "Belgrade"]
[Date "2016.03.26"]
[Round "6"]
[White "Lazic, Ljubisa V"]
[Black "Skare, Goran"]
[Result "0-1"]
[WhiteElo "2201"]
[BlackElo "2275"]
[PlyCount "42"]
[EventDate "2016.03.21"]
[EventType "swiss"]
[EventRounds "9"]
[EventCountry "SRB"]
[SourceTitle "CBM 171 Extra"]
[Source "ChessBase"]
[SourceDate "2016.04.26"]
[SourceVersion "1"]
[SourceVersionDate "2016.04.26"]
[SourceQuality "1"]

1. d4 d5 2. c4 c6 3. Nc3 Nf6 4. Nf3 e6 5. Bf4 dxc4 6. a4 Bb4 7. Qc2 b5 8. e4 Bb7 9. Bd2 a6 10. Be2 Nbd7 11. e5 Bxc3 12. bxc3 Nd5 13. Ng5 c5 14. Ne4 0-0 15. 0-0 cxd4 16. cxd4 Qb6 17. Ng5 g6 18. Nf3 f6 19. Rfb1 fxe5 20. dxe5 Nxe5 21. Bh6 Ng4 0-1

[Event "SRB-ch sf"]
[Site "Belgrade"]
[Date "2016.03.24"]
[Round "4"]
[White "Lazic, Ljubisa V"]
[Black "Miljkovic, Miroslav D"]
[Result "0-1"]
[WhiteElo "2201"]
[BlackElo "2500"]
[PlyCount "96"]
[EventDate "2016.03.21"]
[EventType "swiss"]
[EventRounds "9"]
[EventCountry "SRB"]
[SourceTitle "CBM 171 Extra"]
[Source "ChessBase"]
[SourceDate "2016.04.26"]
[SourceVersion "1"]
[SourceVersionDate "2016.04.26"]
[SourceQuality "1"]

1. d4 Nf6 2. Nf3 d5 3. Bf4 c5 4. c3 Nc6 5. e3 Qb6 6. Qb3 c4 7. Qc2 Bf5 8. Qc1 e6 9. Nbd2 Be7 10. Be2 0-0 11. 0-0 h6 12. Ne5 Rfc8 13. Re1 Nxe5 14. Bxe5 Qc6 15. Bf3 b5 16. Bxf6 Bxf6 17. a3 a5 18. Bd1 b4 19. axb4 axb4 20. Rxa8 Rxa8 21. Bc2 bxc3 22. bxc3 Bxc2 23. Qxc2 Qa4 24. Qxa4 Rxa4 25. Rb1 Ra2 26. Rb8+ Kh7 27. Nb1 Kg6 28. g3 Kf5 29. f3 Bg5 30. e4+ dxe4 31. Rb5+ Kg6 32. fxe4 Rc2 33. h3 Be3+ 34. Kf1 Rf2+ 35. Ke1 Rh2 36. Kf1 Bc1 37. Kg1 Rc2 38. Kf1 Bb2 39. Ke1 Rc1+ 40. Kd2 Rxb1 41. Kc2 Rh1 42. Kxb2 Rxh3 43. Rc5 Rxg3 44. Rxc4 h5 45. Kc2 h4 46. Rc8 Rg5 47. Rh8 Rh5 48. Ra8 h3 0-1

[Event "SRB-ch sf"]
[Site "Belgrade"]
[Date "2016.03.22"]
[Round "2"]
[White "Lazic, Ljubisa V"]
[Black "Zivkovic, Nemanja"]
[Result "1-0"]
[WhiteElo "2201"]
[BlackElo "2338"]
[PlyCount "77"]
[EventDate "2016.03.21"]
[EventType "swiss"]
[EventRounds "9"]
[EventCountry "SRB"]
[SourceTitle "CBM 171 Extra"]
[Source "ChessBase"]
[SourceDate "2016.04.26"]
[SourceVersion "1"]
[SourceVersionDate "2016.04.26"]
[SourceQuality "1"]

1. d4 g6 2. Nf3 Bg7 3. Bf4 d6 4. e3 Nd7 5. Bc4 Ngf6 6. c3 0-0 7. h3 Qe8 8. Nbd2 e5 9. Bh2 Qe7 10. a4 a5 11. Qc2 Kh8 12. g4 c6 13. Bg3 exd4 14. cxd4 Nb6 15. Be2 Nfd5 16. Ne4 f5 17. Nxd6 f4 18. Nxc8 Raxc8 19. Bxf4 Nxf4 20. exf4 Rxf4 21. 0-0 Rcf8 22. Ra3 Nd5 23. Qd1 h5 24. gxh5 gxh5 25. Ne5 Bxe5 26. dxe5 Qxe5 27. Bxh5 Rd4 28. Qe2 Re4 29. Qd1 Rh4 30. Bg4 Qxb2 31. Rg3 Rh7 32. Qa1 Qxa1 33. Rxa1 Re7 34. Rf3 Rxf3 35. Bxf3 Nb4 36. Kf1 Kg7 37. Ra3 Kf6 38. Rc3 Re5 39. Rc4 1-0